U.S. States By Margin in the 2024 Presidential Election - Statistics

General Stats
  • This quiz has been taken 60 times
  • The average score is 39 of 51
Answer Stats
% Answer % Correct
45.76 Wyoming
92%
−83.81 District of Columbia
90%
−31.51 Vermont
90%
−20.14 California
87%
41.87 West Virginia
87%
2.19 Georgia
85%
−25.20 Massachusetts
85%
1.42 Michigan
85%
−5.91 New Jersey
85%
−5.78 Virginia
85%
−18.22 Washington
85%
0.86 Wisconsin
85%
5.53 Arizona
82%
−14.70 Delaware
82%
13.10 Florida
82%
−6.94 Maine
82%
−28.54 Maryland
82%
−6.00 New Mexico
82%
3.21 North Carolina
82%
36.45 North Dakota
82%
11.21 Ohio
82%
−14.30 Oregon
82%
1.71 Pennsylvania
82%
30.47 Alabama
79%
−10.99 Colorado
79%
−10.90 Illinois
79%
−4.24 Minnesota
79%
3.10 Nevada
79%
−2.78 New Hampshire
79%
−12.60 New York
79%
−14.51 Connecticut
77%
36.49 Idaho
77%
13.68 Texas
77%
−23.11 Hawaii
74%
34.26 Oklahoma
74%
13.13 Alaska
72%
30.64 Arkansas
69%
13.21 Iowa
69%
−13.78 Rhode Island
69%
16.12 Kansas
67%
29.72 Tennessee
67%
22.89 Mississippi
64%
29.19 South Dakota
64%
18.96 Indiana
62%
30.53 Kentucky
62%
18.41 Missouri
62%
20.46 Nebraska
62%
17.87 South Carolina
62%
21.59 Utah
62%
22.01 Louisiana
56%
19.93 Montana
54%
No matching quizzes found
Score Distribution
Percent of People with Each Score
Percentile by Number Answered
Your Score History
You have not taken this quiz